La destacada responsabilidad de administrar justicia /
Discurso del consejero de la Judicatura Federal, Adolfo Aragón Mendía, dictado con motivo de la instalación de un tribunal colegiado en materia civil, en Toluca. En él, Aragón explora la trascendencia de los Tribunales Colegiados de Distrito en la administración de la justicia en México.
Guardado en:
| Autor principal: | |
|---|---|
| Formato: | Libro |
| Idioma: | Español |
| Publicado: |
México :
Suprema Corte de Justicia de la Nación,
2001, c2001
|
| Colección: | (Discursos ;
17) |
| Temas: | |
| Etiquetas: |
Sin etiquetas, Sé el primero en etiquetar este registro!
|
MARC
| LEADER | 00000nam^a2200000^a^4500 | ||
|---|---|---|---|
| 001 | 000135129 | ||
| 005 | 20250521000000.0 | ||
| 009 | 20260310095232.904 | ||
| 020 | |a 970-712-133-5 | ||
| 037 | |a Acervo ITESO - Biblioteca | ||
| 041 | |a ESP | ||
| 082 | |a 347. 72 |b ARA | ||
| 100 | |a Aragón Mendía, Adolfo O. |e (autor) | ||
| 245 | 1 | 3 | |a La destacada responsabilidad de administrar justicia / |c A.O. Aragón Mendía. |
| 264 | 4 | |a México : |b Suprema Corte de Justicia de la Nación, |c 2001, c2001 | |
| 300 | |a 11 p. | ||
| 336 | |a texto |b txt |2 rdacontenido | ||
| 337 | |a sin mediación |b n |2 rdamedio | ||
| 338 | |a volumen |b nc |2 rdasoporte | ||
| 440 | 1 | |a (Discursos ; |v 17) | |
| 520 | |a Discurso del consejero de la Judicatura Federal, Adolfo Aragón Mendía, dictado con motivo de la instalación de un tribunal colegiado en materia civil, en Toluca. En él, Aragón explora la trascendencia de los Tribunales Colegiados de Distrito en la administración de la justicia en México. | ||
| 649 | |a XX | ||
| 650 | |a Justicia - |x Administración - |z México | ||
| 650 | |a Justicia - |x Administración - |z México | ||
| 650 | |a Poder Judicial - |z México | ||
| 650 | |a Poder Judicial - |z México | ||
| 650 | |a Administración Pública - |z México | ||
| 650 | |a Derecho Constitucional - |z México | ||
| 650 | |a Derecho Público - |z México | ||
| 910 | |a Fondo General | ||
| 920 | |a Impresos - Libros | ||
| 930 | |a Colección General | ||
| 905 | |a 101 | ||
| 901 | |a 0500064456 |b IT1 |c ACC |u 20250521 | ||
| 902 | |a https://opac.biblio.iteso.mx/vufind/Record/000135129 | ||